<?xml version="1.0" encoding="UTF-8"?>
<collection xmlns:xsi="http://www.w3.org/2001/XMLSchema-instance" xsi:schemaLocation="http://www.loc.gov/MARC21/slim http://www.loc.gov/standards/marcxml/schema/MARC21slim.xsd" xmlns="http://www.loc.gov/MARC21/slim">
 <record>
  <leader>00000cas a22000003a 4500</leader>
  <controlfield tag="001">UP-99796217611796459</controlfield>
  <controlfield tag="003">Buklod</controlfield>
  <controlfield tag="005">20151003162424.0</controlfield>
  <controlfield tag="006">a           ||| u </controlfield>
  <controlfield tag="007">ta</controlfield>
  <controlfield tag="008">151003s1999    xx     d | ||r |||||   ||</controlfield>
  <datafield tag="022" ind1=" " ind2=" ">
   <subfield code="a">1572-8439 (Online)</subfield>
  </datafield>
  <datafield tag="022" ind1=" " ind2=" ">
   <subfield code="a">1388-1957 (Print)</subfield>
  </datafield>
  <datafield tag="035" ind1=" " ind2=" ">
   <subfield code="a">(iLib)UPD-00249809747</subfield>
  </datafield>
  <datafield tag="040" ind1=" " ind2=" ">
   <subfield code="a">TMC</subfield>
  </datafield>
  <datafield tag="041" ind1=" " ind2=" ">
   <subfield code="a">eng</subfield>
  </datafield>
  <datafield tag="245" ind1="0" ind2="0">
   <subfield code="a">Ethics and Information Technology [ejournal].</subfield>
  </datafield>
  <datafield tag="264" ind1=" " ind2="1">
   <subfield code="a">s.l.</subfield>
   <subfield code="b">Springer Netherlands</subfield>
   <subfield code="c">1999-2016</subfield>
  </datafield>
  <datafield tag="300" ind1=" " ind2=" ">
   <subfield code="a">v.</subfield>
  </datafield>
  <datafield tag="506" ind1=" " ind2=" ">
   <subfield code="a">IP based subscription, on campus and remote access. Access via Electronic Resources of the UPD University Library Website.</subfield>
  </datafield>
  <datafield tag="650" ind1="1" ind2="7">
   <subfield code="a">Management of Computing and Information Systems.</subfield>
  </datafield>
  <datafield tag="650" ind1="1" ind2="7">
   <subfield code="a">Innovation/Technology Management.</subfield>
  </datafield>
  <datafield tag="650" ind1="1" ind2="7">
   <subfield code="a">Ethics.</subfield>
  </datafield>
  <datafield tag="650" ind1="1" ind2="7">
   <subfield code="a">User Interfaces and Human Computer Interaction.</subfield>
  </datafield>
  <datafield tag="650" ind1="1" ind2="7">
   <subfield code="a">Library Science.</subfield>
  </datafield>
  <datafield tag="710" ind1="2" ind2=" ">
   <subfield code="a">Springer.</subfield>
  </datafield>
  <datafield tag="856" ind1=" " ind2=" ">
   <subfield code="a">Available for University of the Philippines Diliman via Springerlink. Click here to access</subfield>
   <subfield code="u">http://link.springer.com/journal/10676</subfield>
  </datafield>
  <datafield tag="905" ind1=" " ind2=" ">
   <subfield code="a">FO</subfield>
  </datafield>
  <datafield tag="950" ind1=" " ind2=" ">
   <subfield code="a">Serial</subfield>
  </datafield>
  <datafield tag="852" ind1="1" ind2=" ">
   <subfield code="a">UPD</subfield>
   <subfield code="b">TMC</subfield>
  </datafield>
  <datafield tag="942" ind1=" " ind2=" ">
   <subfield code="a">Continuing Resource</subfield>
  </datafield>
 </record>
</collection>
